[Event "4NCL/Div2/SWD2 vs. BAR3"]
[Site "Telford ENG"]
[Date "2003.01.19"]
[Round "4.6"]
[White "Bhatia, Kanwal K"]
[Black "Spice, Alan"]
[Result "0-1"]
[WhiteElo "2047"]
[BlackElo "2163"]
[PlyCount "136"]
[EventDate "2003.01.19"]

1. e4 e6 2. d4 d5 3. Nd2 Nc6 4. Ngf3 Nf6 5. e5 Nd7 6. c3 f6 7. exf6 Qxf6 8. Bb5
Bd6 9. Nf1 O-O 10. Ne3 a6 11. Ba4 Nb6 12. Bb3 Bd7 13. O-O Be8 14. Ng4 Qf5 15.
h3 Qh5 16. Ng5 Nd8 17. Qe1 Bb5 18. Qd1 Kh8 19. Re1 Qh4 20. Qc2 Be8 21. Ne5 Bxe5
22. Rxe5 Bg6 23. Qe2 Bh5 24. Qf1 Nd7 25. g3 Qxg3+ 26. fxg3 Rxf1+ 27. Kxf1 Nxe5
28. dxe5 h6 29. g4 Bg6 30. Nf3 Nc6 31. Ke2 Rf8 32. Be3 Be4 33. Rf1 Bxf3+ 34.
Rxf3 Rxf3 35. Kxf3 Nxe5+ 36. Ke2 Nd7 37. Bf2 Kg8 38. Bg3 c6 39. Ke3 Kf7 40. Bc2
g5 41. Bb3 Kf6 42. c4 b5 43. cxd5 exd5 44. Bc2 c5 45. Bf5 Ne5 46. b4 cxb4 47.
Kd4 Nc4 48. Be1 a5 49. Bd7 Ne5 50. Bxb5 Nf3+ 51. Kxd5 Nxe1 52. Kc5 Ke5 53. Bc6
Nd3+ 54. Kb5 Nc1 55. Kxa5 Nxa2 56. Be8 b3 57. Bf7 Nc1 58. Kb4 b2 59. Bg6 Kd4
60. Bb1 Nd3+ 61. Kb3 Nf2 62. Kxb2 Nxh3 63. Kc1 Ke3 64. Bf5 Nf2 65. Bd7 Kf4 66.
Kd2 Nxg4 67. Ke2 h5 68. Kf1 Kg3 0-1

[Event "4NCL/Div2/SWD2 vs. BAR3"]
[Site "Telford ENG"]
[Date "2003.01.19"]
[Round "4.7"]
[White "May, Frank"]
[Black "Macnab, Louise C"]
[Result "1/2-1/2"]
[WhiteElo "2161"]
[BlackElo "1944"]
[PlyCount "71"]
[EventDate "2003.01.19"]

1. d4 d5 2. c4 c6 3. Nf3 Nf6 4. e3 g6 5. Nc3 Bg7 6. Bd3 O-O 7. h3 Nbd7 8. O-O
Re8 9. e4 dxe4 10. Nxe4 Nxe4 11. Bxe4 e5 12. d5 cxd5 13. cxd5 Nf6 14. Bg5 Qd6
15. Nd2 Nxe4 16. Nxe4 Qb6 17. Qb3 Qa6 18. Rfd1 h6 19. Be3 Bf8 20. d6 Be6 21.
Nf6+ Kh8 22. Nxe8 Bxb3 23. axb3 Qc6 24. d7 Rd8 25. Rac1 Qe6 26. Rc7 Qxb3 27.
Rd2 Qb4 28. Rc8 Be7 29. Bxh6 g5 30. Rd6 Qe1+ 31. Kh2 Qxf2 32. Bg7+ Kg8 33. Bf6
Qf4+ 34. Kh1 Qf1+ 35. Kh2 Qf4+ 36. Kh1 1/2-1/2

[Event "4NCL/Div2/NWE1 vs. PPA1"]
[Site "Telford ENG"]
[Date "2003.01.19"]
[Round "4.1"]
[White "Shaw, John K"]
[Black "Swanson, Stephen"]
[Result "0-1"]
[WhiteElo "2470"]
[BlackElo "2291"]
[PlyCount "84"]
[EventDate "2003.01.19"]

1. e4 g6 2. d4 Bg7 3. Nc3 d6 4. g3 Nc6 5. Be3 e6 6. Bg2 Nge7 7. f4 d5 8. e5 b6
9. Nf3 Bb7 10. Qd2 Qd7 11. g4 O-O-O 12. O-O-O Kb8 13. Kb1 Na5 14. b3 f6 15.
exf6 Bxf6 16. Ne5 Qe8 17. Ne2 Nc8 18. Ng3 Nd6 19. Rhe1 Rf8 20. Qd3 Nc6 21. Bc1
Nb4 22. Qc3 a5 23. a3 Bxe5 24. fxe5 Nb5 25. Qb2 Na6 26. a4 Na7 27. Be3 Rc8 28.
Rf1 Qe7 29. g5 Rxf1 30. Rxf1 c5 31. Rf6 Rc6 32. Ne2 Nb4 33. c3 Nd3 34. Qa3 Qc7
35. Bh3 Bc8 36. Nc1 cxd4 37. cxd4 Nb4 38. Rf2 Rc3 39. Re2 Ba6 40. Re1 Rxe3 41.
Rxe3 Qc2+ 42. Ka1 Qd2 0-1

[Event "4NCL/Div2/NWE1 vs. PPA1"]
[Site "Telford ENG"]
[Date "2003.01.19"]
[Round "4.2"]
[White "Walker, Martin G"]
[Black "Hanley, Craig A"]
[Result "1/2-1/2"]
[WhiteElo "2304"]
[BlackElo "2359"]
[PlyCount "89"]
[EventDate "2003.01.19"]

1. e4 e6 2. d4 d5 3. Nd2 Nf6 4. e5 Nfd7 5. Bd3 c5 6. c3 Nc6 7. Ne2 cxd4 8. cxd4
f6 9. exf6 Nxf6 10. Nf3 Bd6 11. O-O Qc7 12. Bg5 O-O 13. Bh4 Nh5 14. Rc1 g6 15.
Qd2 Nf4 16. Bg3 Bd7 17. Rfe1 Rae8 18. Nxf4 Bxf4 19. Bxf4 Qxf4 20. Bb5 Qxd2 21.
Nxd2 a6 22. Bxc6 Bxc6 23. g3 Rf5 24. f4 g5 25. fxg5 Rxg5 26. Nb3 Rg4 27. Re3
Re4 28. Rce1 e5 29. Rxe4 dxe4 30. dxe5 Rxe5 31. Nd4 Bd5 32. a3 Bc4 33. Nf3 Re8
34. Nd2 Bd3 35. Kf2 Rc8 36. Ke3 Rc2 37. b4 Rc3 38. Nxe4 Bxe4+ 39. Kxe4 Rxa3 40.
Rc1 b5 41. Kf5 a5 42. bxa5 Rxa5 43. Rc8+ Kg7 44. Rc7+ Kg8 45. Rb7 1/2-1/2

[Event "4NCL/Div2/NWE1 vs. PPA1"]
[Site "Telford ENG"]
[Date "2003.01.19"]
[Round "4.3"]
[White "Crouch, Colin S"]
[Black "Moore, Gerald"]
[Result "1-0"]
[WhiteElo "2388"]
[BlackElo "2238"]
[PlyCount "73"]
[EventDate "2003.01.19"]

1. d4 Nf6 2. Nf3 g6 3. Bg5 Bg7 4. Nbd2 O-O 5. e4 d6 6. c3 Nc6 7. Bb5 a6 8. Ba4
h6 9. Bh4 b5 10. Bc2 e5 11. d5 Ne7 12. a4 Bd7 13. O-O c5 14. dxc6 Bxc6 15. Re1
Qc7 16. axb5 axb5 17. Rxa8 Rxa8 18. Bb3 g5 19. Bg3 Qb7 20. h4 g4 21. Nh2 Nxe4
22. Nxe4 Bxe4 23. Nxg4 Bxg2 24. Qxd6 Bh1 25. Ne3 Nf5 26. Qd2 Nxe3 27. fxe3 Be4
28. Rf1 Rf8 29. Qd6 Qc8 30. Kh2 Qg4 31. Bd1 Qg6 32. Qxg6 Bxg6 33. Be2 Rb8 34.
Rd1 Rb7 35. Rd5 b4 36. c4 e4 37. c5 1-0

[Event "4NCL/Div2/NWE1 vs. PPA1"]
[Site "Telford ENG"]
[Date "2003.01.19"]
[Round "4.4"]
[White "Harley, Andrew"]
[Black "Quillan, Gary"]
[Result "0-1"]
[WhiteElo "2260"]
[BlackElo "2305"]
[PlyCount "50"]
[EventDate "2003.01.19"]

1. e4 e6 2. d4 d5 3. Nc3 Bb4 4. e5 Ne7 5. a3 Bxc3+ 6. bxc3 c5 7. Qg4 Qc7 8.
Qxg7 Rg8 9. Qxh7 cxd4 10. Ne2 Nbc6 11. f4 Bd7 12. Qd3 dxc3 13. h4 O-O-O 14. Rb1
Nf5 15. h5 Na5 16. Qxc3 Nc4 17. Rg1 Ba4 18. g4 d4 19. Qb4 b5 20. gxf5 a5 21.
Rxg8 axb4 22. Rxd8+ Qxd8 23. Rxb4 Qh4+ 24. Kd1 Qf2 25. Ng3 Bxc2# 0-1

[Event "4NCL/Div2/NWE1 vs. PPA1"]
[Site "Telford ENG"]
[Date "2003.01.19"]
[Round "4.5"]
[White "Kennaugh, Charles W"]
[Black "Hammond, Andrew JC"]
[Result "1/2-1/2"]
[WhiteElo "2290"]
[BlackElo "2233"]
[PlyCount "38"]
[EventDate "2003.01.19"]

1. e4 c5 2. Nf3 e6 3. Nc3 a6 4. g3 Nc6 5. Bg2 g6 6. d4 cxd4 7. Nxd4 Bg7 8. Nde2
Nge7 9. O-O h5 10. h4 b5 11. a3 Ne5 12. Bg5 Qc7 13. Qc1 Bb7 14. Rd1 Rc8 15. Nd4
f6 16. Bf4 O-O 17. Nf3 Qc6 18. Nxe5 fxe5 19. Bg5 Nf5 1/2-1/2

[Event "4NCL/Div2/NWE1 vs. PPA1"]
[Site "Telford ENG"]
[Date "2003.01.19"]
[Round "4.6"]
[White "Byway, Paul"]
[Black "Littlewood, John E"]
[Result "1/2-1/2"]
[WhiteElo "2188"]
[BlackElo "2286"]
[PlyCount "38"]
[EventDate "2003.01.19"]

1. d4 d6 2. c3 Nf6 3. Bg5 Nbd7 4. Nd2 e5 5. dxe5 dxe5 6. Ngf3 Be7 7. e4 O-O 8.
Bc4 c6 9. O-O Qc7 10. Qe2 Nc5 11. Bxf6 Bxf6 12. Qe3 Qe7 13. Rfd1 Ne6 14. g3 Qc7
15. Bf1 Be7 16. b4 a5 17. a3 b5 18. Nb3 axb4 19. axb4 Bb7 1/2-1/2

[Event "4NCL/Div2/NWE1 vs. PPA1"]
[Site "Telford ENG"]
[Date "2003.01.19"]
[Round "4.7"]
[White "Richards, Heather"]
[Black "Rosen, Daniel B"]
[Result "1-0"]
[WhiteElo "2221"]
[BlackElo "2201"]
[PlyCount "63"]
[EventDate "2003.01.19"]

1. e4 d6 2. d4 g6 3. Nc3 Bg7 4. Be3 c6 5. Qd2 Nd7 6. Nf3 Qc7 7. Bd3 e5 8. dxe5
Nxe5 9. Be2 Be6 10. Ng5 Nf6 11. f4 Neg4 12. Bd4 O-O 13. h3 Nh6 14. g4 Ne8 15.
f5 Bc8 16. f6 Nxf6 17. Nf3 Nhxg4 18. hxg4 Nxg4 19. Bxg7 Kxg7 20. O-O-O Rd8 21.
e5 d5 22. Ng5 h5 23. e6 f6 24. Bxg4 fxg5 25. Qd4+ Kg8 26. Rdf1 Qg7 27. Qe3 Re8
28. Qxg5 Bxe6 29. Rf6 Bf7 30. Be2 Re7 31. Bd3 Rae8 32. Bxg6 1-0

[Event "4NCL/Div2/NWE1 vs. PPA1"]
[Site "Telford ENG"]
[Date "2003.01.19"]
[Round "4.8"]
[White "Aarons, Poppy J"]
[Black "Charleshouse, Glenn L"]
[Result "0-1"]
[WhiteElo "1560"]
[BlackElo "2284"]
[PlyCount "32"]
[EventDate "2003.01.19"]

1. e4 e6 2. d4 c5 3. Nf3 cxd4 4. Nxd4 Nf6 5. f3 Nc6 6. c3 d5 7. exd5 exd5 8.
Bg5 Be7 9. Bb5 Bd7 10. Nc2 O-O 11. Nd2 Re8 12. Nb3 Ba3+ 13. Kf1 Bxb2 14. Rb1
Bxc3 15. Be2 Bf5 16. Rc1 d4 0-1

[Event "4NCL/Div2/WRO1 vs. AD2"]
[Site "Telford ENG"]
[Date "2003.01.19"]
[Round "4.1"]
[White "McFarland, Robert S"]
[Black "Broom, Mark"]
[Result "1-0"]
[WhiteElo "2292"]
[BlackElo "2240"]
[PlyCount "89"]
[EventDate "2003.01.19"]

1. Nf3 d5 2. g3 Nf6 3. c4 c6 4. b3 Bf5 5. Bg2 e6 6. O-O h6 7. Bb2 Nbd7 8. d3
Be7 9. Nbd2 O-O 10. a3 a5 11. Qc2 Bh7 12. Bc3 Bd6 13. Qb2 Qe7 14. Ne5 Nxe5 15.
Bxe5 Bxe5 16. Qxe5 Rfc8 17. Rfc1 b5 18. Rc2 bxc4 19. bxc4 Ng4 20. Qd4 Bf5 21.
Rb2 Rab8 22. Rab1 Rxb2 23. Qxb2 Qa7 24. Qb6 Qe7 25. Qxa5 Qf6 26. Nf3 dxc4 27.
Qa6 Rd8 28. Qxc4 Ne5 29. Qc1 Bxd3 30. Nxe5 Bxb1 31. Nxc6 Ba2 32. Nxd8 Qxd8 33.
Qc2 Bd5 34. Qd3 Qf6 35. Bxd5 exd5 36. Kg2 d4 37. Qb5 h5 38. Qxh5 d3 39. exd3
Qd6 40. Qa5 Qxd3 41. Qa8+ Kh7 42. a4 g5 43. h3 f5 44. Qf3 Qd7 45. Qh5+ 1-0

[Event "4NCL/Div2/WRO1 vs. AD2"]
[Site "Telford ENG"]
[Date "2003.01.19"]
[Round "4.2"]
[White "Graham, David B"]
[Black "Gourlay, Iain"]
[Result "0-1"]
[WhiteElo "2233"]
[BlackElo "2257"]
[PlyCount "108"]
[EventDate "2003.01.19"]

1. e4 c5 2. Nf3 e6 3. d3 Nc6 4. g3 d5 5. Nbd2 Nf6 6. Bg2 Be7 7. O-O b6 8. Re1
Bb7 9. e5 Nd7 10. Qe2 g5 11. h3 h5 12. c3 g4 13. hxg4 hxg4 14. Nh2 Ndxe5 15.
Nxg4 Ng6 16. Nf3 Qd7 17. Ng5 e5 18. f4 f6 19. f5 Nf8 20. Nf3 Qxf5 21. Nh4 Rxh4
22. gxh4 O-O-O 23. Ne3 Qh7 24. Nxd5 Kb8 25. h5 Ne6 26. Qg4 Ng5 27. Bxg5 Rg8 28.
Qe6 Rxg5 29. Qd7 Qg8 30. Re2 Bd8 31. Kf1 Rxh5 32. Rf2 Rh7 33. Qd6+ Bc7 34. Qxf6
Nd8 35. Qf8 Bxd5 36. Qxg8 Bxg8 37. Rf8 Be6 38. Re1 Rf7+ 39. Rxf7 Bxf7 40. a3
Be6 41. b4 cxb4 42. axb4 a5 43. bxa5 bxa5 44. Rb1+ Ka7 45. d4 Bc4+ 46. Ke1 Bd3
47. Rb2 e4 48. Kf2 Bf4 49. Bf1 Nb7 50. Bxd3 exd3 51. Kf3 Bc1 52. Ra2 Ka6 53. c4
Nd6 54. c5 d2 0-1

[Event "4NCL/Div2/WRO1 vs. AD2"]
[Site "Telford ENG"]
[Date "2003.01.19"]
[Round "4.3"]
[White "Gayson, Peter M"]
[Black "Snape, Ian"]
[Result "1-0"]
[WhiteElo "2257"]
[BlackElo "2225"]
[PlyCount "49"]
[EventDate "2003.01.19"]

1. e4 c5 2. Nf3 d6 3. d4 cxd4 4. Nxd4 Nf6 5. Nc3 g6 6. f4 Nc6 7. Be2 Bg7 8. Be3
O-O 9. O-O Qb6 10. Qd3 Ng4 11. Nd5 Bxd4 12. Bxg4 Bxe3+ 13. Qxe3 Qxb2 14. Rab1
Qxa2 15. Bxc8 Rfxc8 16. f5 Qc4 17. Kh1 Kg7 18. Nxe7 Nxe7 19. f6+ Kf8 20. Qh6+
Ke8 21. fxe7 Kxe7 22. Rxb7+ Rc7 23. Rxc7+ Qxc7 24. Rxf7+ Kxf7 25. Qxh7+ 1-0

[Event "4NCL/Div2/WRO1 vs. AD2"]
[Site "Telford ENG"]
[Date "2003.01.19"]
[Round "4.4"]
[White "Wheeler, Darren P"]
[Black "Taylor, Robert K"]
[Result "1/2-1/2"]
[WhiteElo "2210"]
[BlackElo "2211"]
[PlyCount "22"]
[EventDate "2003.01.19"]

1. e4 c5 2. f4 d5 3. exd5 Qxd5 4. Nc3 Qd6 5. d3 Nc6 6. Nf3 Bd7 7. Ne4 Qc7 8.
Be2 O-O-O 9. O-O e6 10. Be3 Nh6 11. Kh1 Nf5 1/2-1/2

[Event "4NCL/Div2/WRO1 vs. AD2"]
[Site "Telford ENG"]
[Date "2003.01.19"]
[Round "4.5"]
[White "Thurlow, Kevin J"]
[Black "Ghasi, Sumeet K"]
[Result "1/2-1/2"]
[WhiteElo "2203"]
[BlackElo "2160"]
[PlyCount "41"]
[EventDate "2003.01.19"]

1. Nf3 Nf6 2. b3 e6 3. Bb2 Be7 4. c4 c5 5. e3 O-O 6. Be2 b6 7. O-O Bb7 8. d4 d6
9. Nc3 a6 10. Qc2 Qc7 11. Rfd1 Nbd7 12. d5 e5 13. a4 Rfe8 14. e4 Bf8 15. Nh4 g6
16. Bc1 Bg7 17. Be3 h6 18. Qd2 Kh7 19. g4 Ng8 20. f3 Nf8 21. Ra2 1/2-1/2

[Event "4NCL/Div2/WRO1 vs. AD2"]
[Site "Telford ENG"]
[Date "2003.01.19"]
[Round "4.6"]
[White "Mangwengwende, John"]
[Black "Toothill, John"]
[Result "0-1"]
[WhiteElo "2163"]
[BlackElo "2172"]
[PlyCount "96"]
[EventDate "2003.01.19"]

1. e4 e5 2. Nf3 Nc6 3. Bb5 a6 4. Ba4 Nf6 5. O-O Be7 6. Re1 b5 7. Bb3 d6 8. c3
O-O 9. h3 Nb8 10. d4 Nbd7 11. Nbd2 Bb7 12. Bc2 Re8 13. Nf1 Bf8 14. Ng3 g6 15.
Bg5 h6 16. Bd2 Bg7 17. d5 c6 18. dxc6 Bxc6 19. Be3 d5 20. Nd2 Qc7 21. Qf3 dxe4
22. Ndxe4 Nxe4 23. Bxe4 Bxe4 24. Qxe4 f5 25. Qd5+ Kh7 26. Rad1 Rad8 27. Nf1 f4
28. Bc1 Nc5 29. Qf3 g5 30. Nh2 e4 31. Qg4 Qf7 32. h4 Nd3 33. Rf1 Rd5 34. h5
Red8 35. Qe2 Qf5 36. g4 Qe5 37. Qc2 Bf8 38. b4 Rc8 39. Bb2 Rc4 40. f3 Bxb4 41.
fxe4 Bc5+ 42. Kg2 Qxe4+ 43. Kh3 f3 44. Rxd3 Qxd3 45. Qxd3+ Rxd3 46. Rxf3 Rxf3+
47. Nxf3 Rf4 48. Ne5 Rf2 0-1

[Event "4NCL/Div2/WRO1 vs. AD2"]
[Site "Telford ENG"]
[Date "2003.01.19"]
[Round "4.7"]
[White "van Kemenade, Rudy"]
[Black "Howell, Christopher I"]
[Result "1/2-1/2"]
[WhiteElo "2140"]
[BlackElo "2152"]
[PlyCount "42"]
[EventDate "2003.01.19"]

1. e4 c5 2. Nf3 Nc6 3. Bb5 g6 4. O-O Bg7 5. c3 e5 6. d3 Nge7 7. Be3 d6 8. d4
cxd4 9. cxd4 O-O 10. Nc3 Bg4 11. d5 Nd4 12. Bxd4 exd4 13. Ne2 Bxf3 14. gxf3 Qb6
15. Qb3 f5 16. Rad1 g5 17. Bd7 fxe4 18. fxe4 Ng6 19. Qxb6 axb6 20. a4 Nf4 21.
Nxf4 Rxf4 1/2-1/2

[Event "4NCL/Div2/WRO1 vs. AD2"]
[Site "Telford ENG"]
[Date "2003.01.19"]
[Round "4.8"]
[White "McIntosh, Doreen"]
[Black "Keeling, Karen"]
[Result "1/2-1/2"]
[WhiteElo "1344"]
[BlackElo "1971"]
[PlyCount "121"]
[EventDate "2003.01.19"]

1. d4 Nf6 2. c4 e6 3. g3 Bb4+ 4. Nc3 O-O 5. Bg2 d5 6. Nf3 Ne4 7. Qc2 f5 8. O-O
c6 9. Bf4 Nd7 10. c5 Ba5 11. a3 Bc7 12. e3 Re8 13. Bxc7 Qxc7 14. Ne2 e5 15. b4
Qd8 16. Bh3 Qf6 17. dxe5 Nxe5 18. Nxe5 Qxe5 19. Nd4 g6 20. Bg2 Bd7 21. Rad1
Rac8 22. f3 Nf6 23. Rfe1 Qc7 24. Qc3 Qd8 25. a4 a6 26. Bf1 Qe7 27. Re2 Qf8 28.
Rde1 Re7 29. Bg2 Rce8 30. h3 Nh5 31. Kf2 Qf6 32. f4 Ng7 33. Nb5 Qxc3 34. Nxc3
Ne6 35. Rd1 Kg7 36. h4 h6 37. Bf3 Kf6 38. a5 Nc7 39. Rd3 g5 40. hxg5+ hxg5 41.
Re1 Rh8 42. Rh1 Reh7 43. fxg5+ Kxg5 44. Rdd1 Rh2+ 45. Rxh2 Rxh2+ 46. Bg2 Ne6
47. Rh1 Rxh1 48. Bxh1 Be8 49. Ne2 Bh5 50. Bf3 Bf7 51. Nd4 Nxd4 52. exd4 Bh5 53.
Ke3 Bg4 54. Bg2 Bd1 55. Bh3 Bc2 56. Kd2 Be4 57. Ke3 Bh1 58. Kf2 Kf6 59. Ke3 Kg5
60. Kf2 Be4 61. Ke3 1/2-1/2

[Event "4NCL/Div2/WWKS vs. 3CS1"]
[Site "Telford ENG"]
[Date "2003.01.19"]
[Round "4.1"]
[White "Hynes, Anthony"]
[Black "Arkell, Keith C"]
[Result "1-0"]
[WhiteElo "2216"]
[BlackElo "2527"]
[PlyCount "93"]
[EventDate "2003.01.19"]

1. e4 c6 2. d4 d5 3. e5 c5 4. dxc5 Nc6 5. Bb5 e6 6. Be3 Nge7 7. c3 Bd7 8. Bxc6
Nxc6 9. f4 g5 10. fxg5 Nxe5 11. Nf3 Bg7 12. Nxe5 Bxe5 13. O-O Qc7 14. Qh5 Bb5
15. Re1 Bd3 16. Nd2 Bg7 17. Bd4 Bxd4+ 18. cxd4 O-O-O 19. Re3 Bg6 20. Qh4 h6 21.
gxh6 Rh7 22. Qg5 Rdh8 23. Rh3 Bf5 24. Rh4 Rf8 25. Nf3 f6 26. Qe3 Rg8 27. Rc1
Be4 28. b4 Qf7 29. c6 Qg6 30. g3 b6 31. Qe2 Bxf3 32. Qxf3 Qg5 33. Rf4 e5 34.
dxe5 fxe5 35. Rf8+ Rxf8 36. Qxf8+ Kc7 37. Rf1 Qe3+ 38. Kg2 Qe4+ 39. Qf3 Qc2+
40. Kh1 Rxh6 41. Qf7+ Kxc6 42. Qe8+ Kb7 43. Rf7+ Ka6 44. b5+ Ka5 45. Rxa7+ Kb4
46. Qf8+ Kxb5 47. a4+ 1-0

[Event "4NCL/Div2/WWKS vs. 3CS1"]
[Site "Telford ENG"]
[Date "2003.01.19"]
[Round "4.2"]
[White "Davies, Nigel R"]
[Black "Thomas, Nicholas"]
[Result "0-1"]
[WhiteElo "2483"]
[BlackElo "2256"]
[PlyCount "68"]
[EventDate "2003.01.19"]

1. Nf3 f5 2. c4 Nf6 3. g3 d6 4. d4 e6 5. Nc3 Be7 6. Qc2 a5 7. Bg2 Nc6 8. O-O
O-O 9. a3 e5 10. d5 Nb8 11. Ng5 g6 12. Rd1 Na6 13. Rb1 Nh5 14. Ne6 Bxe6 15.
dxe6 c6 16. b4 axb4 17. axb4 Qc8 18. e4 Ng7 19. c5 dxc5 20. Rd7 Nxb4 21. Qb3
Re8 22. Bh6 b5 23. Bxg7 Kxg7 24. exf5 gxf5 25. Bh3 Kf6 26. Rbd1 c4 27. Qb1 Nd3
28. R1xd3 cxd3 29. Qxd3 e4 30. Nxe4+ fxe4 31. Qd4+ Kg6 32. Qxe4+ Kh6 33. Qf4+
Bg5 34. Qe5 Qxd7 0-1

[Event "4NCL/Div2/WWKS vs. 3CS1"]
[Site "Telford ENG"]
[Date "2003.01.19"]
[Round "4.3"]
[White "Mason, Don"]
[Black "Clarke, Stuart W"]
[Result "1-0"]
[WhiteElo "2256"]
[BlackElo "2287"]
[PlyCount "53"]
[EventDate "2003.01.19"]

1. e4 e6 2. d4 d5 3. Nd2 Nf6 4. e5 Nfd7 5. Bd3 c5 6. c3 Nc6 7. Ndf3 cxd4 8.
cxd4 Qb6 9. Ne2 f6 10. exf6 Nxf6 11. O-O Bd6 12. Re1 O-O 13. Nf4 Bd7 14. Nxe6
Rfe8 15. Bf5 Re7 16. Bg5 Rf8 17. Nxf8 Bxf5 18. Bxf6 gxf6 19. Nh4 Be4 20. Nd7
Rxd7 21. Qg4+ Rg7 22. Qe6+ Kh8 23. Qxd6 Qxd4 24. Rad1 Qxb2 25. Rxe4 dxe4 26.
Qf8+ Rg8 27. Ng6+ 1-0

[Event "4NCL/Div2/WWKS vs. 3CS1"]
[Site "Telford ENG"]
[Date "2003.01.19"]
[Round "4.4"]
[White "Ashton, Adam G"]
[Black "Wu, Li"]
[Result "1-0"]
[WhiteElo "2175"]
[BlackElo "2166"]
[PlyCount "73"]
[EventDate "2003.01.19"]

1. e4 c5 2. Nf3 d6 3. Bc4 Nf6 4. d3 Nc6 5. c3 g6 6. Bb3 Bg7 7. h3 O-O 8. O-O b6
9. Re1 Ne5 10. Bc2 Nxf3+ 11. Qxf3 Bb7 12. Nd2 Nd7 13. Qe2 e5 14. Bb3 Qe7 15.
Nf1 Kh8 16. Ne3 Nf6 17. a4 Rad8 18. Nc4 Nh5 19. Be3 d5 20. exd5 Bxd5 21. a5 f5
22. f3 e4 23. dxe4 fxe4 24. fxe4 Ng3 25. Qg4 Nxe4 26. axb6 axb6 27. Rad1 Nf6
28. Qh4 b5 29. Bg5 Qa7 30. Ne5 Bxb3 31. Rxd8 Rxd8 32. Bxf6 Rd1 33. Nxg6+ Kg8
34. Ne7+ Kf8 35. Bxg7+ Kxg7 36. Nf5+ Kg6 37. Qh6+ 1-0

[Event "4NCL/Div2/WWKS vs. 3CS1"]
[Site "Telford ENG"]
[Date "2003.01.19"]
[Round "4.5"]
[White "Pitcher, John"]
[Black "Taylor, Robert M"]
[Result "1-0"]
[WhiteElo "2130"]
[BlackElo "2165"]
[PlyCount "37"]
[EventDate "2003.01.19"]

1. e4 c5 2. Nc3 e6 3. g3 d5 4. exd5 exd5 5. Bg2 Nf6 6. d3 d4 7. Ne4 Nxe4 8.
dxe4 Nc6 9. Ne2 Be6 10. O-O Rc8 11. Nf4 Bc4 12. Re1 Be7 13. b3 Ba6 14. Qg4 O-O
15. Nd5 Ne5 16. Qxc8 Qxc8 17. Nxe7+ Kh8 18. Nxc8 Rxc8 19. Bf4 1-0

[Event "4NCL/Div2/WWKS vs. 3CS1"]
[Site "Telford ENG"]
[Date "2003.01.19"]
[Round "4.6"]
[White "Bentley, John L"]
[Black "Baruch, Andrew JD"]
[Result "1/2-1/2"]
[WhiteElo "2163"]
[BlackElo "2072"]
[PlyCount "43"]
[EventDate "2003.01.19"]

1. c4 c5 2. g3 g6 3. Bg2 Bg7 4. Nf3 Nc6 5. O-O Nf6 6. Nc3 O-O 7. d4 cxd4 8.
Nxd4 Nxd4 9. Qxd4 d6 10. e4 Be6 11. b3 Nd5 12. Qxg7+ Kxg7 13. exd5 Bd7 14. Bb2
Kg8 15. Rfe1 b5 16. c5 Bf5 17. c6 b4 18. Ne2 e5 19. dxe6 fxe6 20. Nd4 Qb6 21.
Rad1 Rac8 22. Nxf5 1/2-1/2

[Event "4NCL/Div2/WWKS vs. 3CS1"]
[Site "Telford ENG"]
[Date "2003.01.19"]
[Round "4.7"]
[White "Chevannes, Sabrina"]
[Black "Shaw, David A"]
[Result "0-1"]
[WhiteElo "1972"]
[BlackElo "2196"]
[PlyCount "78"]
[EventDate "2003.01.19"]

1. d4 e6 2. Nf3 d5 3. Bg5 Nf6 4. e3 Be7 5. Nbd2 Nbd7 6. Bd3 O-O 7. O-O b6 8.
Bxf6 Nxf6 9. Ne5 Bb7 10. Qf3 c5 11. c3 Qc7 12. Qh3 Rfe8 13. a4 Bd6 14. f4 Ne4
15. Ndf3 f6 16. Ng4 Bc8 17. Qh5 Qf7 18. Qh4 a5 19. Nf2 f5 20. Nxe4 fxe4 21. Ng5
Qg6 22. Be2 Rf8 23. Bh5 Qf6 24. Qg3 Ba6 25. Rfe1 h6 26. Nh3 Rac8 27. Nf2 Kh7
28. Ng4 Qf5 29. Qh3 g6 30. Nf6+ Qxf6 31. Bg4 Rce8 32. Bd1 cxd4 33. cxd4 Bb4 34.
Bb3 Bxe1 35. Rxe1 g5 36. g3 gxf4 37. gxf4 Qf5 38. Qh4 Rg8+ 39. Kh1 Qg4 0-1

[Event "4NCL/Div2/WWKS vs. 3CS1"]
[Site "Telford ENG"]
[Date "2003.01.19"]
[Round "4.8"]
[White "Kosteniuk, Oxana"]
[Black "Cooper, David M"]
[Result "1/2-1/2"]
[WhiteElo "2184"]
[BlackElo "1880"]
[PlyCount "50"]
[EventDate "2003.01.19"]

1. e4 e6 2. Nf3 d5 3. Nc3 Nf6 4. e5 Nfd7 5. d4 c5 6. dxc5 Nc6 7. Bf4 Bxc5 8.
Bd3 f6 9. exf6 Nxf6 10. Qe2 O-O 11. O-O-O Bd7 12. Ne5 Nb4 13. Nxd7 Nxd3+ 14.
Rxd3 Qxd7 15. g4 Bb4 16. Be5 Bxc3 17. Rxc3 Rac8 18. Rxc8 Qxc8 19. Bxf6 Rxf6 20.
Re1 Qc7 21. f3 Qf4+ 22. Kd1 Qd4+ 23. Kc1 Qf4+ 24. Kd1 Qd4+ 25. Kc1 Qf4+ 1/2-1/2

[Event "4NCL/Div2/KHE vs. GUI2"]
[Site "Telford ENG"]
[Date "2003.01.19"]
[Round "4.1"]
[White "McMichael, Richard"]
[Black "Povah, Nigel E"]
[Result "0-1"]
[WhiteElo "2294"]
[BlackElo "2360"]
[PlyCount "92"]
[EventDate "2003.01.19"]

1. c4 e5 2. g3 Nf6 3. Bg2 Nc6 4. Nc3 Bb4 5. Nd5 Bc5 6. e3 Nxd5 7. cxd5 Nb4 8.
d4 exd4 9. exd4 Be7 10. a3 Na6 11. Ne2 c6 12. Nc3 Nc7 13. Qg4 O-O 14. Bh6 Bf6
15. d6 Ne8 16. Bf4 Bxd4 17. O-O b6 18. Rfe1 Bf6 19. h4 Ba6 20. Rad1 Bc4 21. Be4
Bxc3 22. bxc3 Nf6 23. Qf3 Nxe4 24. Qxe4 Bd5 25. Qd3 Re8 26. c4 Rxe1+ 27. Rxe1
Be6 28. Be5 f6 29. Bc3 Qe8 30. Re4 Qf7 31. Qe2 h5 32. Qe3 c5 33. Kh2 Kf8 34.
Qf4 Re8 35. f3 Qg6 36. a4 Bg8 37. Rxe8+ Kxe8 38. Qe3+ Be6 39. Qe2 Qf5 40. Kg1
Qb1+ 41. Kh2 Qb3 42. Qd3 Kf7 43. a5 Qxc4 44. Qe3 Qa2+ 45. Bd2 Qd5 46. Qf4 Qf5
0-1

[Event "4NCL/Div2/KHE vs. GUI2"]
[Site "Telford ENG"]
[Date "2003.01.19"]
[Round "4.2"]
[White "Thompson, Ian D"]
[Black "Kwiatkowski, Feliks J"]
[Result "1/2-1/2"]
[WhiteElo "2256"]
[BlackElo "2252"]
[PlyCount "76"]
[EventDate "2003.01.19"]

1. c4 Nf6 2. Nc3 g6 3. g3 Bg7 4. Bg2 O-O 5. Nf3 d6 6. O-O Nc6 7. d3 e5 8. Rb1
a5 9. a3 Re8 10. e4 Bg4 11. h3 Bxf3 12. Bxf3 Nd7 13. b4 axb4 14. axb4 Nd4 15.
Bg2 c6 16. Ne2 Nxe2+ 17. Qxe2 Nf8 18. Be3 Ne6 19. Ra1 Nd4 20. Bxd4 exd4 21.
Rxa8 Qxa8 22. Qb2 b5 23. cxb5 cxb5 24. Ra1 Qc8 25. Ra7 Qc3 26. Qa2 Rf8 27. Qd5
Qxb4 28. Rb7 h5 29. h4 Qe1+ 30. Bf1 Be5 31. Qxb5 Bxg3 32. fxg3 Qxg3+ 33. Bg2
Qe1+ 34. Bf1 Qg3+ 35. Bg2 Qe3+ 36. Kh2 Qf4+ 37. Kg1 Qe3+ 38. Kh2 Qf4+ 1/2-1/2

[Event "4NCL/Div2/KHE vs. GUI2"]
[Site "Telford ENG"]
[Date "2003.01.19"]
[Round "4.3"]
[White "Thomas, Richard H"]
[Black "Jackson, Adrian"]
[Result "1/2-1/2"]
[WhiteElo "2204"]
[BlackElo "2232"]
[PlyCount "62"]
[EventDate "2003.01.19"]

1. d4 Nf6 2. c4 e6 3. g3 c5 4. Nf3 cxd4 5. Nxd4 d5 6. Bg2 e5 7. Nf3 d4 8. O-O
Nc6 9. e3 Be7 10. exd4 exd4 11. b3 O-O 12. Bb2 Bc5 13. a3 a5 14. Nbd2 h6 15.
Re1 Re8 16. Rxe8+ Qxe8 17. Qe1 Bf5 18. Qxe8+ Rxe8 19. Re1 Kf8 20. h3 Re7 21.
Rxe7 Kxe7 22. Nh4 Bc2 23. Bxc6 bxc6 24. Nhf3 Ne4 25. Nxe4 Bxe4 26. Nxd4 Bxd4
27. Bxd4 g6 28. f4 Bc2 29. b4 axb4 30. axb4 Bd3 31. c5 h5 1/2-1/2

[Event "4NCL/Div2/KHE vs. GUI2"]
[Site "Telford ENG"]
[Date "2003.01.19"]
[Round "4.4"]
[White "Granat, Russell G"]
[Black "Wallace, Paul"]
[Result "1-0"]
[WhiteElo "2245"]
[BlackElo "2189"]
[PlyCount "85"]
[EventDate "2003.01.19"]

1. e4 e5 2. Nf3 Nc6 3. Bb5 Bc5 4. O-O Nd4 5. Nxd4 Bxd4 6. c3 Bb6 7. d4 c6 8.
Ba4 d6 9. dxe5 dxe5 10. Qxd8+ Bxd8 11. Nd2 Nf6 12. Bc2 Bc7 13. b3 Be6 14. Nf3
h6 15. Bb2 O-O 16. c4 Nd7 17. Rad1 f6 18. Ba3 Rfd8 19. Nh4 Bb6 20. Rd6 Kf7 21.
Bd1 Nc5 22. Bh5+ Ke7 23. Rdd1 Rd6 24. Rxd6 Kxd6 25. b4 Nxe4 26. c5+ Kc7 27. f4
a5 28. cxb6+ Kxb6 29. fxe5 Nd2 30. Re1 fxe5 31. Nf3 Nc4 32. bxa5+ Rxa5 33. Be7
Rxa2 34. Nxe5 Nxe5 35. Rxe5 Bd5 36. Bf3 Bxf3 37. gxf3 Ka6 38. Bf8 b5 39. Bxg7
b4 40. f4 b3 41. Re1 Kb5 42. f5 Ra7 43. Bb2 1-0